| 000 | 00842cab a2200337 4500 | ||
|---|---|---|---|
| 001 | WB3222-48 | ||
| 008 | 090401t1996 xxu||||| |||| 00| 0 eng d | ||
| 035 | _a(Sirsi) u21044 | ||
| 041 | _aeng | ||
| 245 | 4 | _aThe second crossing | |
| 260 | _c1996 | ||
| 300 | _aLOAN | ||
| 350 | _a0 | ||
| 490 |
_aWestern Mail _vSupplement 5 June 1996, (43) |
||
| 520 | _aSpecial supplement to mark the opening of the second Severn crossing. | ||
| 650 | _aBRIDGES | ||
| 650 | _aBRISTOL | ||
| 650 | _aCARDIFF | ||
| 650 | _aCHEPSTOW | ||
| 650 | _aCIVIL ENGINEERING | ||
| 650 | _aNEWPORT | ||
| 650 | _aPRIVATE FINANCE | ||
| 650 | _aSECOND SEVERN CROSSING | ||
| 650 | _aSEVERN BRIDGE | ||
| 650 | _aSEVERN TUNNEL | ||
| 650 | _aTOLLS | ||
| 650 | _aWALES | ||
| 690 | _aTRANSPORT AND COMMUNICATIONS | ||
| 942 | _n0 | ||
| 948 | _c04/03/1997 | ||
| 999 |
_c14120 _d14120 |
||